| 000 | 00960nas a2200325 4500 | ||
|---|---|---|---|
| 001 | BR2013006695 | ||
| 003 | BR-BrBNA | ||
| 005 | 20231205122822.0 | ||
| 007 | ta | ||
| 008 | 230509b bl.|||p| |||| 00| 00por d | ||
| 040 |
_aBR-BrBNA _bpor _cBiblioteca Nacional de Agricultura |
||
| 041 | _a(Pt) | ||
| 072 | _aS01 | ||
| 100 | 1 | _aMoratoya, E.E. | |
| 100 | 1 | _aCarvalhaes, G.C. | |
| 100 | 1 | _aWander, A.E. | |
| 100 | 1 | _aAlmeida, L.M. de M.C. | |
| 245 | 1 | _aMudanças no padrão de consumo alimentar no Brasil e no mundo | |
| 650 | _aALIMENTAÇÃO | ||
| 650 | _aCONSUMO | ||
| 650 | _aPESO | ||
| 650 | _aDIETA | ||
| 650 | _aHÁBITO ALIMENTAR | ||
| 650 | _aPESSOA | ||
| 650 | _aOBESIDADE | ||
| 773 | 0 |
_tRevista de Política Agrícola (Brazil) _xISSN 1413-4969 _g(Jan-Mar 2013), v. 22(1) p. 72-84 _wBR2013006695 |
|
| 856 | 4 |
_uRPA_1_2013.pdf#page=73-85 _yRecurso eletrônico (PDF) |
|
| 909 |
_a202311 _bLúcia _c55 _dLúcia Elande |
||
| 942 |
_2AGRIS _n0 _cANA |
||
| 999 |
_c230739 _d230739 |
||